000 01211nam a22002657a 4500
999 _c64723
_d64723
005 20240530110746.0
008 181204s2018 ua a g b 000 0 ara d
017 _a2017/16478
_bمصر. دار الكتب
020 _a9789778121728
040 _aEG-CaGPL
_cEG-CaGPL
082 0 4 _221
_a337.1 /
_bر م
100 0 _aرضوى محمود عبدالهادى
245 1 0 _aمعوقات التكامل العربى بين دول مجلس التعاون الخليجى /
_cاعداد رضوى محمود عبدالهادى
250 _aط.1
260 _aالقاهرة :
_bالمكتب العربى للمعارف،
_c2018.
300 _a167 ص.:
_bجداول ؛
_c24 سم.
490 0 _aالتحولات فى دول مجلس التعاون الخليجى
504 _aيشتمل على ارجاعات ببليوجرافية
650 0 7 _2qrmak
_aالتعاون
_xدول مجلس التعاون الخليجى
650 0 7 _2qrmak
_aدول مجلس التعاون الخليجى
_xالاحوالا الاقتصادية
650 0 7 _2qrmak
_aدول مجلس التعاون الخليجى
_xتبادل المنفعة
651 _2qrmak
942 _2ddc
_cBK